000 02301cas a2200601 a 4500
999 _c532414
_d532414
001 16223751
003 NUST
005 20191120114053.0
006 m o d
007 cr |||||||||||
008 980909c19679999nyubr p o 0 a0eng c
010 _a 2009247615
016 7 _a0117250
_2DNLM
016 7 _aP55340000
_2DNLM
022 0 _a2169-2254
_y0033-3107
_21
030 _aPSTOAM
035 _a(OCoLC)ocm39842099
038 _anasira
040 _aFQM
_beng
_cFQM
_dOCLCQ
_dBUF
_dCUD
_dTXJ
_dOCLCQ
_dDLC
_dOCLCQ
_dCOO
_dOCLCO
_dVT2
_dOCLCQ
_dOCLCO
_dOCLCF
_dOCLCO
_dOCLCQ
_dAPUMS
_dUUM
_dU3W
_dMOW
_dWYU
_dAUD
042 _apcc
_ansdp
050 0 0 _aBF1
_b.P855
060 0 0 _aW1
_bPS746W
082 0 0 _a150
_223
210 0 _aPsychol. today
_b(Online)
222 0 _aPsychology today
_b(Online)
245 0 0 _aPsychology today.
260 _a[New York] :
_b[Sussex Publishers]
310 _aBimonthly,
_b1992-
321 _aMonthly,
_b<Mar. 1989->
321 _aMonthly (except Feb. and Aug.),
_b19-
336 _atext
_btxt
_2rdacontent
337 _acomputer
_bc
_2rdamedia
338 _aonline resource
_bcr
_2rdacarrier
362 1 _aBegan with v. 1 (May 1967).
515 _aSuspended with v. 23, no. 12 (Dec. 1989); resumed with v. 25, no. 1 (Jan./Feb. 1992).
538 _aMode of access: World Wide Web.
588 _aDescription based on print version record.
588 _aLatest issue consulted: Vol. 45 [no.] 4 (Aug. 2012) (Proquest website, viewed August 14, 2012).
650 0 _aPsychology
_vPopular works
_vPeriodicals.
_925912
650 0 _aSocial psychology
_vPopular works
_vPeriodicals.
_925913
650 7 _aPsychology.
_2fast
_0(OCoLC)fst01081447
_93344
650 7 _aSocial psychology.
_2fast
_0(OCoLC)fst01122816
_925905
650 7 _aPSICOLOGIA
_xPUBLICACIONES PERIODICAS.
_2renib
_925914
650 2 _aPsychology, Social
_vPeriodicals.
_925915
650 2 _aPsychology
_vPeriodicals.
_925916
655 7 _aPeriodicals.
_2fast
_0(OCoLC)fst01411641
_925909
655 7 _aPopular works.
_2fast
_0(OCoLC)fst01423846
_925910
655 0 _aElectronic journals.
_913048
776 0 8 _iPrint version:
_tPsychology today
_x0033-3107
_w(DLC)sf 77000088
_w(OCoLC)1081160
780 0 5 _tCareers today
906 _a7
_bibc
_cserasst
_d2
_encip
_f20
_gn-oclcserc
942 _2ddc
_cCR
_s1